LEADER 00944nam2 22002651i 450 001 RML0315300 005 20231121125753.0 100 $a20121121d1975 ||||0itac50 ba 101 | $aita 102 $ait 181 1$6z01$ai $bxxxe 182 1$6z01$an 200 1 $a˜3.: œNote ai drammi e alle regie$fBertolt Brecht 210 $aTorino $cEinaudi $d1975 215 $aX, 281 p.$d22 cm 461 1$1001RML0315297$12001 $aScritti teatrali$fBertolt Brecht 700 1$aBrecht$b, Bertolt$3RMLV158149$036137 801 3$aIT$bIT-01$c20121121 850 $aIT-FR0017 899 $aBiblioteca umanistica Giorgio Aprea$bFR0017 912 $aRML0315300 950 2$aBiblioteca umanistica Giorgio Aprea$d 52CIS 10/1378.3$e 52VM 0000858745 VM barcode:00080680. - Inventario:3188 FSSVM$fA $h20101203$i20121204 977 $a 52 996 $aNote ai drammi e alle regie$9185083 997 $aUNICAS